000 01140nam a2200289 a 4500
001 000038331
003 DO-SdBNP
005 20250204073952.0
007 ta
008 130409s2005 dr a r 001 f spa d
010 _a n 90606917‏ ‎
_z nr2001006536
020 _a9993455806
040 _aDO-SdBNP
_bspa
_cBNPHU
100 1 _aCervantes Saavedra, Miguel de,
_d1547-1616
_93070
245 1 4 _aLos capítulos más bellos de El Quijote /
_cMiguel de Cervantes Saavedra ; compiladores, Mariano Lebrón Saviñón, Tomás Castro Burdiez.
260 _aSanto Domingo :
_bCorripio,
_c2005.
300 _a139 p. :
_bil. ;
_c23 cm.
590 _aInventariado, 2019/BT
600 1 4 _aCervantes Saavedra, Miguel de
_d1547-1616,
_tEl quijote
_xCrítica e interpretación
_928997
650 4 _aNovela española
_xHistoria y crítica
_912614
650 4 _aLiteratura española
_xHistoria y crítica
_928998
_yPeríodo Clásico, 1500-1700
700 1 _aLebrón Saviñon, Mariano
_d1922-2014
_ecomp.
_97227
700 _aCastro, Tomás,
_d1959-
_ecomp.
_924641
910 _aValidado. Control de calidad. EMS
942 _2ddc
_cLBS1
956 _aVMateo
999 _c37821
_d37821